Analyse and learn (Record no. 78586)

MARC details
000 -LEADER
fixed length control field 00690cab a22001935a 4500
001 - CONTROL NUMBER
control field L137375
008 - FIXED-LENGTH DATA ELEMENTS--GENERAL INFORMATION
fixed length control field 070403e xxk 000 0 eng d
035 ## - SYSTEM CONTROL NUMBER
System control number (Sirsi) u137375
041 0# - LANGUAGE CODE
Language code of text/sound track or separate title eng
100 1# - MAIN ENTRY--PERSONAL NAME
Personal name Carder, Paul
245 00 - TITLE STATEMENT
Title Analyse and learn
490 #0 - SERIES STATEMENT
Series statement Premises and Facilities Management
Volume/sequential designation March 2007, 38-39(2)
520 ## - SUMMARY, ETC.
Summary, etc. Discusses the ways in which benchmarking can inform managers on areas of strategy and operations. Discusses how facilities management can expand into areas of business infrastructure support through benchmarking.
590 ## - LOCAL NOTE (RLIN)
Local note KA
651 #4 - SUBJECT ADDED ENTRY--GEOGRAPHIC NAME
Geographic name United Kingdom
Chronological subdivision
690 ## - LOCAL SUBJECT ADDED ENTRY--TOPICAL TERM (OCLC, RLIN)
Topical term or geographic name as entry element MANAGEMENT-FACILITIES MANAGEMENT
700 1# - ADDED ENTRY--PERSONAL NAME
Personal name Jeffries, Ian
942 ## - ADDED ENTRY ELEMENTS (KOHA)
Suppress in OPAC 0
Holdings
Withdrawn status Lost status Source of classification or shelving scheme Damaged status Not for loan Home library Current library Shelving location Date acquired Total Checkouts Full call number Barcode Date last seen Copy number Price effective from Koha item type
    Dewey Decimal Classification     London London Journal article 03/04/2007   L137375 137375-1001 06/08/2019 1 06/08/2019 Journal article